005630000a22001570004500008004100000020001500041082001800056110002600074245006300100260004400163300002600207650004600233650003000279650003600309856006000345230817t ||||| |||| 00| 0 eng d a9990037221 a362.8292bAMN aAmnesty International a Pakistan : bviolence against women in the name of honour aNew York:bAmnesty International,c1999 a 57 p. : ill. ; 28 cm aAbused women- Government policy- Pakistan aFamily violence -Pakistan aWomen, Crimes against- Pakistan uhttps://www.amnesty.org/en/documents/asa33/017/1999/en/